| 000 | 00524nam a22001937a 4500 | ||
|---|---|---|---|
| 003 | KOHA_MİRAKIL | ||
| 005 | 20251116153847.0 | ||
| 008 | 251116b tu ||||| |||| 00| 0 tur d | ||
| 020 | _a9789750718533 | ||
| 040 |
_aTR-AnABB _btur _cTR-AnABB |
||
| 041 | _atur | ||
| 082 |
_a823.912 _bORW 2019 |
||
| 100 | 1 | _aOrwell, George, | |
| 245 | 1 | 0 |
_a1984 / _cGeorge Orwell |
| 260 |
_aİstanbul : _bCan Sanat Yayınları, _c2019 |
||
| 300 |
_a350 sayfa ; _c20 cm |
||
| 650 | 0 | 4 | _aİngiliz edebiyatı, roman |
| 942 |
_2ddc _cBK |
||
| 999 |
_c9442 _d9442 |
||
| 900 | _bGizem YORULMAZ | ||